000 00443nam a2200169 a 4500
005 20140412111413.0
008 070207s19uu xx 00 eng d
020 _a0-7502-1409-0
050 _aM 612.8
_bS9 2003
100 _aShur, Mandy
245 _aSmell /
_cMandy Shur.
260 _aLondon :
_bHodder Wayland,
_c2003.
300 _a32
440 _aThe senses
650 _aSense and sensation - Juvenile literature
999 _c105735
_d105735